000 00694nam a22001937a 4500
005 20140324104134.0
010 _aB-500319
020 _a9789381431351
_c299.00
035 _aB-500319
037 _adpl
_bMallika Books/Ven
082 _a230.3
100 _aParanjape, Makarand R.
245 _aActs of Faith:
_bjourneys to sacred India/
_cby Makarand R.Paranjape
260 _aNew Delhi
_bHay House Publishers
_c2012
270 _aMuskaan Complex, Plot No.3, B-2 Vasant Kunj
_bNew Delhi
_e110070
300 _a229p.
_c21cm(pbk)
942 _2ddc
_cEN
_h230.3
_mPAR
999 _c83139
_d83139